| 000 | 00654nam a2200241 a 4500 | ||
|---|---|---|---|
| 008 | |||
| 020 | _a0070943966 (pbk.) | ||
| 049 | _aMAIN | ||
| 090 |
_aQC23 _bBOL |
||
| 100 | 1 | _aBolton, W. | |
| 245 | 1 | 0 |
_aPatterns in physics / _cW. Bolton. |
| 260 |
_aLondon : _bMcGraw Hill, _c1974. |
||
| 300 |
_a426 p. : _bill. ; _c28 cm. |
||
| 440 | _aSecondary science series. | ||
| 504 | _aIncludes bibliographical references. | ||
| 500 | _aIncludes index. | ||
| 650 | 0 | _aPhysics. | |
| 907 |
_a.b10043573 _b06-03-13 _c17-04-03 |
||
| 003 | |||
| 005 | 20230123133915.0 | ||
| 040 | _cNUST | ||
| 942 |
_cBOOKS _kQC23 _mBOL |
||
| 999 |
_c156686 _d156686 |
||